000 00255nam a2200121Ia 4500
100 _aGupta/B.R/ Singhal/V
650 _aDigital electronics
942 _cBK
245 _aDigital Electronics
260 _bkatson Books
546 _aENGLISH
999 _c18389
_d18389